[Event "Czerniak Memorial 13th"]
[Site "Tel Aviv"]
[Date "1997.??.??"]
[Round "7"]
[White "Krayz, Alexander"]
[Black "Rotstein, Arkadij"]
[Result "0-1"]
[WhiteElo "2375"]
[BlackElo "2455"]
[Annotator "Har Zvi,R"]
[PlyCount "134"]
[EventDate "1997.04.04"]
[EventType "tourn"]
[EventRounds "11"]
[EventCountry "ISR"]
[EventCategory "10"]
[SourceTitle "CBM 059"]
[Source "ChessBase"]
[SourceDate "1997.08.01"]
[SourceVersion "1"]
[SourceVersionDate "1997.08.01"]
[SourceQuality "1"]

1. e4 c5 2. Nf3 e6 3. c3 Nf6 4. e5 Nd5 5. d4 cxd4 6. cxd4 d6 7. a3 Nd7 {
a sideway move,the main moves in the position are 7...Nc6 and 7...Bd7} 8. Bd3
dxe5 (8... b6 9. O-O Be7 10. Nbd2 Bb7 11. Nc4 $14 {Sveshnikov,E-Donchenko,A
SSSR 1975}) 9. dxe5 g6 (9... Be7 10. O-O O-O 11. Qc2 g6 12. Bh6 Re8 13. Nc3
Nxc3 14. Qxc3 Nb6 15. Rad1 $14 {Vattar,H-Vogt,L Baden Baden op 1993}) (9... Nc5
10. Bc2 b5 11. O-O Be7 12. Nd4 Bd7 13. Qg4 g6 14. Bh6 Bf8 15. Bxf8 Kxf8 16. b4
Na4 17. Nd2 $14 {Salai,L-Hracek,Z Stary Smokovec 1990}) 10. O-O Bg7 11. Re1 {
2 round later Krayz tried 11.Qe2 against Manor but the result was the same,and
he even got worse version than this game!!} (11. Qe2 O-O 12. Bd2 b6 13. Nc3 Bb7
14. Be4 Re8 15. Bg5 Qb8 $15 {[%csl Re5] /-/+ Krayz,A-Manor,I Czerniak-mem
Bikurei 1997 CBM 59}) 11... O-O 12. Qe2 Nc5 13. Bc4 b5 14. Bxb5 {the two
natural moves which you first consider in this position are Bxb5 and Bxd5 but
there is another move,which was not played in the game but as we will see
would have given white a big advantage} (14. Bxd5 Qxd5 15. Nc3 (15. Qxb5 $2 Ba6
16. Qa5 Nb3 17. Qxd5 exd5 18. Ra2 Bc4 $15 {/-/+}) 15... Qc4 16. Be3) (14. Bg5
$1 Nf4 15. Bxf4 bxc4 16. Qxc4 $16) 14... Nb3 15. Ra2 Nxc1 16. Rxc1 Bb7 17. Nbd2
(17. Qd2 Ne7 {[%csl Re5]}) 17... Nf4 18. Qe1 (18. Qc4 Nxg2 (18... Rc8 19. Qf1
Rxc1 20. Qxc1 Nxg2)) (18. Qe3 Bh6 {[%cal Gf4h3]} 19. Kf1 Kg7 $1 $40 {just
defending the h6 bishop}) 18... Bh6 19. Rd1 (19. Rc2) 19... Nxg2 20. Kxg2 {
[%tqu "De","black has to find a way to continue his attack since he has a
piece down,and indeed in the game he has done it is the best possible way,can
you","","","d8d5","",7,"h6d2","",0]} Qd5 $3 (20... Bxd2 21. Qxd2 (21. Rxd2 $2
Qg5+) 21... Qh4 22. h3 $8 Bxf3+) 21. Bc4 Qd4 {the threat now is Bxd2 when
white can not defend both the f3 knight and the b5 bishop since black has also
Qg4...} 22. Qe2 (22. h3 Bxd2 23. Qxd2 Qxc4 $19) (22. Be2 Bxd2 23. Rxd2 Qg4+ 24.
Kf1 Bxf3 25. Bxf3 Qxf3 $17) 22... Bxd2 23. h3 Qf4 24. Ba6 (24. Rxd2 Bxf3+ 25.
Qxf3 Qxd2) 24... Bd5 (24... Bxf3+ 25. Qxf3 Qxe5 26. b4 $17 {but the game just
seems better than this for black}) 25. b3 Bc3 26. Rc2 Ba5 (26... Bd4 27. Bc4
Bb7 28. Ba6 Be4 29. Bd3 (29. Rc4 {try to guess black's move} f6 $3 $19 30.
Rcxd4 Bxf3+ 31. Qxf3 Qxf3+ 32. Kxf3 fxe5+) 29... Bxf3+ 30. Qxf3 Qxe5 $17) 27.
Rxd5 (27. b4 Bb6 28. Bc4 Be4 29. Bd3 Bxf3+ 30. Qxf3 Qxe5 $17 {/-+}) 27... exd5
28. Rc5 Bb6 29. Rxd5 Rad8 30. Bc4 (30. Rxd8 Rxd8 31. e6 fxe6 32. Qxe6+ Kg7 33.
Qe7+ Qf7) 30... Kg7 31. Rxd8 Rxd8 32. e6 fxe6 33. Bxe6 Qf6 {[%csl Rf2] black
has a winning position it is just a matter of time,and trying just not to
blunder something} 34. Bc4 h5 35. h4 Rf8 36. Qe4 Kh6 $1 37. Bd3 Qd6 38. b4 Rf4
39. Qe8 Rg4+ 40. Kh3 Kg7 $6 (40... Qf6 $1 {much stronger was 40... Qf6 winning
immediately} 41. Qe2 Qf4 $1 {[%cal Gb6c7,Yg4g3] with Bc7 on the next move,when
white whould resign}) 41. Ne5 Bxf2 42. Qf7+ Kh6 43. Qe8 $2 {white misses his
last chance to make black's life very difficult after 43.QxB we get a special
position where black has a wiining material advantage but has problems with
his king and his h5 pawn} (43. Qxf2 Qxe5 44. Qf8+ Qg7 $1 (44... Kh7 45. Qf7+
Qg7 46. Qd5 {[%cal Gd5h5]} Kh6 (46... Kh8 47. Qd8+ Qg8 48. Qf6+ Kh7 49. Qe7+ (
49. Qe5 Rxh4+ 50. Kxh4 Qd8+ 51. Kg3 Qxd3+) 49... Qg7 50. Qc5) 47. Qd8 {
transposes to 44...Qg7}) 45. Qd8 a6 $3 {well if I move my queen you check me
on f8 or on h8,if I move my rook you play Qg5 [ except Rg1 where you play
simply Kh2,so I have no move to play than this one and a5 but I do not want to
give you a pawn so...this position is just unbelievable after a6 white is in
Zug-Zwang and must take on a6 which free the e4 square,id black pawn was
already on a6 things were much more complicated and difficult} 46. Bxa6 Re4 $19
) 43... Rxh4+ 44. Kg2 Qf6 45. Qxg6+ Qxg6+ 46. Nxg6 Rd4 {the game is over} 47.
Ne5 Be3 48. Be2 Rf4 49. Bf3 Bb6 50. Nd3 Rd4 51. Be2 Re4 52. Bf1 Rg4+ 53. Kf3
Rg1 54. Ke2 h4 55. a4 Rg3 56. a5 Bd4 57. Nf4 Re3+ 58. Kf2 Rb3+ 59. Kg2 Rg3+ 60.
Kh2 Be5 61. Nh3 Rg4+ 62. Kh1 Rxb4 63. Kg2 Rb3 64. a6 Ra3 65. Kf2 Kg6 66. Kg2
Rg3+ 67. Kf2 Kf5 0-1

[Event "Hoogovens-B"]
[Site "Wijk aan Zee"]
[Date "1998.01.20"]
[Round "1"]
[White "Shaked, Tal"]
[Black "Kobalia, Mihail"]
[Result "0-1"]
[WhiteElo "2535"]
[BlackElo "2500"]
[Annotator "Har Zvi,R"]
[PlyCount "74"]
[EventDate "1998.01.20"]
[EventType "tourn"]
[EventRounds "11"]
[EventCountry "NED"]
[EventCategory "10"]
[SourceTitle "CBM 063"]
[Source "ChessBase"]
[SourceDate "1998.03.26"]
[SourceVersion "1"]
[SourceVersionDate "1998.03.26"]
[SourceQuality "1"]

1. e4 c5 2. Nf3 e6 3. c3 Nf6 4. e5 Nd5 5. d4 cxd4 6. cxd4 b6 7. Bd3 (7. Nc3 {
is the main move in the position,other playable move are 7.a3 and 7.Nbd2}) 7...
Qc7 (7... Ba6 {the second playable move for black is 7...Bb4} 8. O-O (8. Bxa6
Nxa6 9. O-O Be7 10. Nbd2 O-O 11. Ne4 Nac7 12. Bg5 f6 13. exf6 Nxf6 14. Nc3 Nfd5
15. Bd2 Rc8 16. Qa4 $14 {/~~ Sermek,D-Grosar,A Ljubljana Iskra 1992}) 8... Be7
(8... Qc8 9. Bxa6 (9. a3 Be7 10. Re1 Bxd3 11. Qxd3 Na6 12. Nbd2 Nac7 13. Ne4
Qa6 14. Qc2 $36 {Blatny,P-Mokry,K CSR-ch 1986}) (9. Bg5 h6 10. Bh4 Bxd3 11.
Qxd3 Qa6 12. Qe4 Bb4 13. Rc1 Nc6 14. Nbd2 O-O 15. Nc4 Be7 $13 {godena,
M-Gofshtein,L Ischia 1996}) 9... Nxa6 10. a3 (10. Bd2 Be7 11. Qa4 Nac7 12. Rc1
O-O 13. Nc3 Qd8 14. Nxd5 Nxd5 15. Qa6 f6 16. Rc4 b5 $13 {Grosar,A-Kouatly,B
Manila (ol) 1992}) 10... Be7 11. Bg5 f6 12. exf6 gxf6 13. Bh6 (13. Bh4) 13...
Qb7 14. Nc3 Nac7 15. Rc1 Nxc3 16. Rxc3 Bd6 $13 {Sokolov,A-Costa,J SUI-chT 1996
Exp 55}) 9. Nc3 Nxc3 10. bxc3 Bxd3 11. Qxd3 O-O (11... d5 12. exd6 Qxd6 13. Ba3
$1 Qc7 (13... Qxa3 14. Qe4) 14. Bxe7 Kxe7 15. Rad1 Nd7 16. d5 $40 {Godena,
M-Cvitan,O Reggio Emilia 1991}) 12. Bf4 (12. d5 exd5 13. Qxd5 Na6 $5) (12. c4
$5 d5 13. exd6 Qxd6 (13... Bxd6 14. Ng5 $36)) 12... Nc6 13. d5 (13. c4 d6)
13... exd5 14. Qxd5 Qc7 15. Rad1 Rad8 16. Qe4 {[%cal Ge5e6]} Qc8 $13 {1/2-1/2
Godena,M-Hracek,Z/EU-chTM 1997/EXP 57/[Har Zvi] (68)}) 8. O-O (8. a3 d6 9. O-O
Nd7 10. Qe2 Be7 11. Bd2 Bb7 12. Rc1 Qd8 13. Nc3 Nxc3 14. Rxc3 Rc8 15. Rac1 Rxc3
16. Rxc3 h6 17. Ba6 Qb8 18. Bxb7 Qxb7 19. Qc4 dxe5 20. Qc8+ Qxc8 21. Rxc8+ Bd8
22. dxe5 $11 {0-1 Karp,M-Cramling,P/Tel Aviv 1990/EXP 20 (44)}) 8... Ba6 9.
Bxa6 Nxa6 10. Qe2 (10. a3 $5) 10... Nab4 11. Na3 $6 {I do not like the knight
on "a3",he is doing nothing over there} (11. a3 $5 Nc6 (11... Nc2 12. Ra2 {
[%csl Rc2]}) (11... Qc2 12. Qxc2 Nxc2 13. Ra2 $16 {[%csl Rc2]}) 12. Bd2 {
[%cal Gb1c3]}) 11... a6 12. Qe4 (12. Bd2 Be7) 12... b5 (12... Be7 13. Bg5 $5)
13. Bd2 h6 14. Rfc1 Nc6 15. Nc2 g6 (15... Be7) 16. Ne3 Nxe3 17. fxe3 Be7 18.
Qd3 Qb6 19. Kh1 (19. e4 $5 {this is probably the best move,since white manage
to control the center and has an important tempi to play Be3 for example
aftyer black's g5} g5 20. Be3) 19... Nb4 20. Qe2 g5 $1 {now it is much more
difficult for the "e" to move forward} 21. a4 (21. Bxb4 $5 Bxb4 22. a3 Be7 23.
Rc2 $14) 21... bxa4 22. Rxa4 a5 (22... Nc6) 23. Bxb4 (23. e4 g4 24. Ne1 Qxd4
25. Bc3 Qb6 $15) 23... Bxb4 24. Nd2 Qb7 $1 {preventing Ne4} 25. Nc4 (25. Qd3)
25... O-O $13 {despite black's "weak" king the position is unclear since white
can not get very quick to black's king,and secondly there is a lot of play
still on the Queen's side so it's not simple at all} 26. Qd3 Rac8 27. Raa1 f5
$5 {and now black has no fears at all on the King's side and decides to play
there,since after white take this pawn black ahs the important "f" file} 28.
exf6 Rxf6 29. Ne5 Rxc1+ 30. Rxc1 Kg7 $15 31. Rf1 Rxf1+ 32. Qxf1 d6 33. Ng4 Qf7
34. Qxf7+ $2 {it is very starnge but this ending is losing by force} (34. Qe2)
34... Kxf7 35. Nxh6+ (35. Nf2 Bd2 36. Nd1 a4 $19) {[%tqu "En","can you see now
a win for black!","","","f7g6","",10]} 35... Kg6 36. Ng4 Bd2 37. e4 a4 {
and white resigned there is simply nothing to do aganist Bc1-Bb2} (37... a4 38.
Nf2 Bc3 $19) 0-1

[Event "Belgrade-Moscow"]
[Site "Belgrade"]
[Date "1998.01.29"]
[Round "2"]
[White "Smagin, Sergey"]
[Black "Ilincic, Zlatko"]
[Result "0-1"]
[WhiteElo "2575"]
[BlackElo "2565"]
[Annotator "Har Zvi,R"]
[PlyCount "84"]
[EventDate "1998.01.28"]
[EventType "team"]
[EventRounds "2"]
[EventCountry "YUG"]
[SourceTitle "CBM 064"]
[Source "ChessBase"]
[SourceDate "1998.06.02"]
[SourceVersion "1"]
[SourceVersionDate "1998.06.02"]
[SourceQuality "1"]
[WhiteTeam "Moscow"]
[BlackTeam "Belgrade"]
[WhiteTeamCountry "RUS"]
[BlackTeamCountry "YUG"]

1. e4 {Hecht} c5 2. c3 Nf6 3. e5 Nd5 4. d4 cxd4 5. Nf3 Nc6 6. Bc4 Nb6 7. Bb3 d6
8. exd6 Qxd6 9. O-O Be6 10. Bxe6 Qxe6 11. Nxd4 Qd7 12. Nb5 (12. Be3 Nd5 13. Nd2
Nxe3 (13... e6 $5) 14. fxe3 e5 $6 (14... e6 $5) 15. Nxc6 Qxc6 16. Qg4 g6 17.
Qc4 f5 18. Qxc6+ bxc6 19. Nc4 O-O-O 20. Nxe5 $16 {Sveshnikov,E-Rashkovsky,N/
Kujbyschev 1986}) (12. Nxc6 Qxc6 13. Qe2 e6 14. Nd2 Be7 15. Nf3 Bf6 16. Bg5
Bxg5 17. Nxg5 h6 18. Nf3 O-O 19. Rad1 Rad8 $11 {Blatny,P-De Firmian,N/Chicago
1995}) (12. Qe2 Nxd4 13. cxd4 e6 14. Nc3 Be7 15. d5 $2 exd5 $2 (15... Nxd5 $17)
16. Bg5 f6 17. Be3 O-O 18. Bxb6 axb6 19. Rad1 $44 {Antonio,R-Liang,J/Shenzhen
1992}) 12... a6 13. Qxd7+ Kxd7 14. Rd1+ Kc8 15. N5a3 e6 16. Be3 (16. Bf4 Be7
17. Nc2 Rd8 18. Rxd8+ Kxd8 19. Nd2 Ke8 20. Kf1 Rd8 21. Ke2 Na4 $11 {/=/+
Markovic,I-Liang,J/Novi Sad (ol) 1990}) 16... Kc7 $11 {/=/+ black should be
satisfied from the opening's result,he has no weaknesses at all,his pieces are
in good places,his next move will be Be7,while he may have some slight
advantage on the queen's side,we can say that black has here equal and more,
any way it's quite strange that Smagin one of the leaders players in the world
with Sicilian 2.c3 gets slightly worse position with white without any special
probelms!} 17. Bxb6+ $5 (17. Nc2 Be7 18. Nd2 (18. Bxb6+ Kxb6 19. Nd2 $15) 18...
Na4 19. Nc4 f6 20. Nd4 Nxd4 21. Rxd4 b5 {[%cal Ge6e5]}) 17... Kxb6 18. b4 $6 {
I can like this move,or any other moves with such idea,the problem is quite
simple,white weakeness so much on the Queen's side and will indeed pay heavy
price for that,he could play Nc2 and than Nd2-Nf3 when black is slightly
better but I think white's position should be defendable} Be7 19. Nc4+ (19. Nd2
Kc7 {[%csl Rb4,Rc3][%cal Gh8d8]}) 19... Kc7 20. a4 Rhd8 21. Nbd2 (21. Re1 Bf6
22. Ra2 Rd3 $17) 21... b5 22. Na3 $2 (22. Nb2 $142) 22... bxa4 {when somebody
gives you material unless there is really a speacial reason take it! this is
the moto of some players and if you ask me it is not wrong white simply gave
black the "a4" pawn and without big thinking it's gone!} 23. Nac4 (23. Nab1 a5
24. b5 Na7 $5 (24... Ne5 $5 25. Rxa4 Kb6 $17) 25. c4 Nc8 $1 26. Rxa4 Nb6 $15 {
/-/+}) 23... Rd3 $1 $17 24. Rxa4 Rad8 $5 (24... Rxc3 25. b5 axb5 26. Rxa8 bxc4
{when it 's clear black is the only side that can be better here but maybe not
enough to win}) 25. Rxa6 (25. Rb1 Rxc3 26. Rxa6 Bxb4 {transposes to the game})
(25. Rc1 Bg5 $19) 25... Rxc3 {[%cal Gc3c4]} 26. Rb1 (26. b5 Rxc4 27. Rxc6+ (27.
bxc6 Rxd2) 27... Rxc6 28. bxc6 Bb4) {[%tqu "En","try to find a win for black",
"white first rank maybe weak....","","e7b4","",5]} 26... Bxb4 $1 $19 27. Rb6 (
27. Kf1 Bc5) (27. Rxc6+ Kxc6 28. Rxb4 Rc1+ {transposes to the game}) 27... Rc2
28. Rxc6+ (28. R6xb4 Nxb4 29. Rxb4 Rc1+ 30. Nf1 Rd4) 28... Kxc6 29. Rxb4 Rc1+
30. Nf1 Kc5 {the game is over} 31. Rb7 Rxc4 32. Rxf7 Rd1 33. g3 Rcc1 34. Rc7+
Kd4 35. Rd7+ Ke4 36. Rxd1 Rxd1 37. Kg2 Kd3 38. Ne3 Re1 39. Kf3 {[#] Hecht: The
transition into the pawn ending is technically the cleanest, simplest and the
easily calculable solution. The method which would otherwise be taken would
involve encirclement, introduced by ...Rb1,...Kd2,...Ke1 and attack on the
base at f2 by means of ...Rb2. But the disturbing power of the e3 knight would
always have to be watched out for. [#] Hecht: Der Übergang ins Bauernendspiel
ist die technisch sauberste, einfachste und leicht berechenbare Lösung. Der
Weg, der sonst einzuschlagen wäre, lautet Umgehung, eingeleitet durch die Züge
Tb1, Kd2,Ke1 und angreifen der Basis f2 mittels Tb2. Das Störfeuer des Se3 ist
dabei stets zu beachten.  [#] Der Übergang ins Bauernendspiel ist die
technisch sauberste, einfachste und leicht berechenbare Lösung. Der Weg, der
sonst einzuschlagen wäre, lautet Umgehung, eingeleitet durch die Züge Tb1, Kd2,
Ke1 und angreifen der Basis f2 mittels Tb2. Das Störfeuer des Se3 ist dabei
stets zu beachten.} Rxe3+ 40. fxe3 e5 41. h4 h5 42. g4 e4+ (42... hxg4+ {Hecht}
43. Kxg4 Kxe3 44. h5 (44. Kf5 e4 45. Kg6 Kf4 46. Kxg7 Kg4 47. Kg6 Kxh4 $19)
44... e4 45. Kf5 Kf3 46. Kg6 Kg4 $19) 0-1

[Event "EU-chT (Men) 11th"]
[Site "Pula"]
[Date "1997.05.??"]
[Round "1.3"]
[White "Rytshagov, Mikhail"]
[Black "Sadler, Matthew D"]
[Result "0-1"]
[WhiteElo "2485"]
[BlackElo "2645"]
[Annotator "Har Zvi,R"]
[PlyCount "78"]
[EventDate "1997.05.05"]
[EventType "team-swiss"]
[EventRounds "9"]
[EventCountry "CRO"]
[SourceTitle "CBM 057 Extra"]
[Source "ChessBase"]
[SourceDate "1997.05.01"]
[SourceVersion "1"]
[SourceVersionDate "1997.05.01"]
[SourceQuality "1"]
[WhiteTeam "Estonia"]
[BlackTeam "England"]
[WhiteTeamCountry "EST"]
[BlackTeamCountry "ENG"]

1. e4 c5 2. c3 Nf6 3. e5 Nd5 4. d4 cxd4 5. Nf3 Nc6 6. Bc4 Nb6 7. Bb3 d5 8. exd6
Qxd6 9. O-O Be6 10. Na3 dxc3 11. Qe2 Bxb3 12. Nb5 Qb8 13. axb3 e5 14. Nbd4 {
the main move is 14.bxc3 with very big complications but that's already
another story} (14. Re1 Nd7 (14... f6 $5) 15. Bf4 (15. bxc3 Be7) 15... Be7 16.
Rad1 $1 exf4 (16... f6 $6 17. bxc3 exf4 $2 18. Rxd7 Kxd7 19. Qe6+ Ke8 20. Nfd4
Ne5 21. Nf5 Qd8 22. Rxe5 $18) 17. Nd6+ Kf8 18. Nxf7 Nb6 $1 (18... Kxf7 19. Rxd7
Qe8 20. Qc4+ Kf8 21. Ng5 Qg6 22. Ne6+ Ke8 23. Rxb7 Rc8 24. Nxf4 $16) 19. Nxh8
Kg8 20. Nd4 Bf6 21. Nxc6 bxc6 22. Ng6 $1 hxg6 23. Qe6+ Kf8 24. bxc3 $15 {
Torre,O-Illescas Cordoba,M Moscow (ol) 1994 62/149 [Illescas Cordoba,M]}) 14...
f6 (14... Nxd4 15. Nxd4 f6 16. bxc3 Kf7 17. Nb5 a6 18. Be3 axb5 19. Bxb6 Rxa1
20. Rxa1 Qe8 21. Ra5 b4 22. cxb4 (22. c4 Qc6 23. Rb5 $11 {[%cal Gb6a5] Lautier,
J-Gelfand,B Linares 1994}) 22... Qe6 23. Qc4 Qxc4 24. bxc4 Bxb4 25. Ra7 Rc8 26.
Rxb7+ Ke6 $11 {Luthar,T-Sadler,M Gausdal 1994}) 15. bxc3 Qc8 16. Nxc6 bxc6 17.
Nh4 {[%cal Ge2h5]} g6 18. f4 Bc5+ 19. Be3 (19. Kh1 O-O 20. f5 g5 21. Nf3) 19...
Bxe3+ 20. Qxe3 O-O {we have already got out of the opening and have also
finished the complicated part of the game,when it is very easy to say that
black has simply one extra pawn when white has o fight for draw} 21. fxe5 Qe6
22. c4 (22. Nf3 fxe5 (22... Qxb3 23. exf6 Rxf6 24. Nd4 Rxf1+ 25. Rxf1 Qd5 (
25... Qc4 $2 26. Qe7 $40) 26. Nf5 $1 (26. Qe7 Qd7) 26... gxf5 27. Qg5+ Kh8 28.
Qf6+ Kg8 29. Qg5+ $11) 23. Qxe5 Qxb3 24. Ng5 Rxf1+ (24... Qd5 25. Rxf8+ Rxf8
26. Qe7 Qd7 27. Qxd7 Nxd7 28. Rxa7) 25. Rxf1 Qd5 26. Qe7 (26. Qf6 {[%cal Gg5e6,
Gg5f7]} Nd7 27. Qe7 Qc5+) 26... Qd7 {when it is not clear where is white's
compensation for the pawn since the endgame after 27.QxQ NxQ 28.Nxh7 must be
better for black for exaple after the simplest 28...Kxh7 29.Rf7 Kh6 30.Rxd7 a5.
..}) (22. Rae1 fxe5) 22... Qxe5 (22... fxe5 $6 23. Nf3 Nd7 (23... Rfe8 24. Ra5)
24. Rxa7 {with a drawish position}) 23. Qxe5 fxe5 {and now we have also
exchanged the queens} 24. Rfe1 Nd7 25. Nf3 Nc5 $5 (25... Rfe8 $5) 26. Re3 Rfb8
27. Nd2 $6 (27. Nxe5 $5 Rxb3 (27... Nxb3 28. Rd1 $44) 28. Rxb3 Nxb3 29. Ra3 Nd4
30. Ra6 Re8 (30... c5 31. Nd7 Nb3 32. Ra3 Nd2 33. Ra4 Ne4 34. Ra5) 31. Nxc6 Re6
32. Nb8 Rxa6 33. Nxa6 Kf7 $15) (27. Ra3 Rb7 $1 28. Nxe5 (28. Rxe5 Nxb3 29. Ra6
Rb6) 28... Re8 {[%cal Re8e3]}) 27... Rb7 28. Rxe5 (28. Ra5) 28... Nxb3 29. Nxb3
Rxb3 30. Re7 $2 {you study that the second and seventh rank are the most
important thing in a rook ending,but not in this one,after this move black
manages to push his "a" ahead a fact which decided the game} (30. Ra6 $5 {
this is a very interesting move which may give white his desired draw} Rb6 (
30... Rb1+ 31. Kf2 Rf8+ 32. Kg3 Rb3+ 33. Kh4 $1 (33. Kg4 Rf2) 33... Rb4 (33...
Rf4+ 34. Kg5 Rxc4 35. Rxa7 {[%csl Rg8]} Rb8 (35... Rb5 36. Ra8+ Kf7 37. Ra7+
$11) 36. g4 Rc3 37. h4 $36) 34. Re4 $1 (34. Rxc6 Rf4+ 35. Kg3 Rfxc4 36. Rxc4
Rxc4) 34... Ra8 35. Rxc6 a5 36. Rc7 $11 {[%cal Gc7h7]}) 31. Rxb6 $1 axb6 32.
Re6 Rc8 33. Re7 Rb8 (33... b5 34. cxb5 cxb5 35. Rb7 Rc5 36. h4 $11) 34. Rc7 b5
35. Rxc6 b4 36. Rd6 b3 37. Rd1 b2 38. Rb1 Kf7 39. Kf2 Ke6 40. Ke3 Kd6 41. Kd3
$1 $11 (41. Kd4 $4 Rb3 $1 $19 42. c5+ Kc6 43. Kc4 Rb8)) (30. Re6 a5 31. Rxc6 a4
32. c5 a3 (32... Rc3 33. Ra2) 33. Rb6 Rc3 34. c6 Kf7 $17 {[%csl Rc6]}) 30... a5
31. h3 Rb4 $1 $19 (31... a4 $2 32. Rd1 $1 {[%cal Gd1d7] with a draw}) 32. Rd1 (
32. Re4 a4) 32... Rxc4 33. Rdd7 Rh4 34. Rc7 a4 35. Rxc6 a3 36. Rec7 Rha4 37.
Rc1 a2 38. Ra1 Rb4 39. Rcc1 Rb2 0-1